000
00295nam a2200109Ia 4500
008
200302s9999 xx 000 0 und d
100
_a
Simon Unwin
245
_a
Twenty Buildings Every Architect Should Understand
260
_b
Routledge Taylor & Francis Group
260
_c
2010
300
_a
229 P.,
999
_c
2796
_d
2796